00512nam a2200157Ia 4500008004100000041000800041082001400049100001800063245002800081250001400109260003200123300002900155365001100184999001700195952014200212240624s9999 xx 000 0 und d aeng a658.8 KEN aKENNEDY DAN S aULTIMATE MARKETING PLAN a(3rd ed.) c2009aNew DelhibViva Books ax, : 229 : p. : cm. ; 22 cRSb30 c14514d14514 00104070aIMTNbIMTNcRack 32-Bd2010-02-17eBWEg350.00l1n8248o658.8 KENp14514r2024-07-23 00:00:00s2024-07-13t1w2024-06-24yBK